| LEADER 00000nam 2200000uu 4500 |
| 008 110127s2553||||th 000 0 tha d |
| 020 978-974-297-992-8
|
| 060 0 WC 510 ข982 2553
|
| 245 00 ^aไข้หวัดใหญ่สายพันธุ์ใหม่ ชนิด A (H1 N1) องค์ความรู้จากการเฝ้าระวังและการสอบทางระบาดวิทยา.
|
| 260 ^aกรุงเทพฯ : ^bโรงพิมพ์ชุมชนสหกรณ์การเกษตรแห่งประเทศไทย,^c2553.
|
| 300 ^aจำนวน 168 หน้า ; ^bภาพประกอบ.
|
| 650 0 ^a ชนิด A ( H1 N1).
|
| 650 0 ^aเชื้อไวรัส - - ^xไข้หวัดใหญ่.
|
| 650 0 ^aโรค - - ^xไข้หวัดใหญ่ - - ^xสายพันธุ์ใหม่.
|
| 700 0 ^aภาสกร อัครเสรี,นายแพทย์.
|
| 710 1 ^aกรมควบคุมโรค. สำนักระบาดวิทยา.
|
| 999 ^aใช้งานได้ทุกระบบ
|